00607cam a2200157 a 450000100100000000500170001000800410002704000250006808200190009324501200011226000430023230000280027549000390030360000680034283000390041000000697820200929154033.0960508s1992 ck a rb 000 0dspa  aDO-SdBNPbspacBNPHU a923.586bS678b00aBicentenario del nacimiento del general Francisco de Paula Santander :b2 de abril de 1792 -- 2 de abril de 1992 /. aSantafé de Bogotá :bKelly,c1992. a176 p. :bil. ;c24 cm.1 aSociedad Santanderista de Colombia14aSANTANDER, FRANCISCO DE PAULA,d1792-1840xHOMENAJES PÓSTUMOS 0aSociedad Santanderista de Colombia